| 000 | 01029nam a22002537a 4500 | ||
|---|---|---|---|
| 008 | 240610b mp ||||| |||| 00| 0 mon d | ||
| 020 | _a978-99973-1593-9 | ||
| 035 | _a25410 | ||
| 040 |
_aHUV0167120 _bmon _cMN-UlNLM _dMN-UlNLM _erda |
||
| 041 | _amon | ||
| 042 | _a66588 | ||
| 084 |
_2NNA _a84.8(7АНУ) _bК.414 |
||
| 100 | _aКинни Ж. | ||
| 245 | 0 | _aДүрсгүй жаалын өдрийн тэмдэглэл:Эцсийн найдвар | |
| 264 |
_aУлаанбаатар _bЦэнхэр гүзээлзгэнэ ХХК _c2009 |
||
| 300 | _a248х. | ||
| 336 |
_2rdacontent _atext _btxt |
||
| 337 |
_2rdamedia _aunmediated _bn |
||
| 338 |
_2rdacarrier _avolume _bnc |
||
| 490 | _v6 | ||
| 650 | _aДунд сургуульд тохиолдсон адал явдлуудын тухай Грегийн тэмдэглэл. ...Би өнөөдөр сургуулийн зоридорт охидуудын хажуугаар гарч явт... | ||
| 942 |
_2NNA _cBK |
||
| 999 |
_c1057474 _d1057531 |
||